[Event "TUR Cup"]
[Site "Adapazari"]
[Date "2022.03.26"]
[Round "2"]
[White "Temizer, Umut"]
[Black "Ilcin, Murat Veysi"]
[Result "1-0"]
[WhiteElo "1900"]
[BlackElo "1588"]
[PlyCount "51"]
[EventDate "2022.03.25"]
[EventType "swiss"]
[EventRounds "11"]
[EventCountry "TUR"]
[SourceTitle "EXT 2023"]
[Source "ChessBase"]
[SourceDate "2022.10.05"]
[SourceVersion "1"]
[SourceVersionDate "2022.10.05"]
[SourceQuality "1"]

1. e4 e5 2. Nf3 Nc6 3. Bc4 Be7 4. d4 exd4 5. Nxd4 d6 6. 0-0 Nf6 7. Nc3 Ne5 8. Be2 0-0 9. Bf4 c6 10. a4 a5 11. Qd2 Qb6 12. h3 Bd7 13. Rfd1 Rad8 14. Qe3 Rfe8 15. Nf5 Qc7 16. Nxe7+ Rxe7 17. Bg5 Be6 18. f4 Nc4 19. Bxc4 Bxc4 20. Qd4 d5 21. e5 c5 22. Qf2 d4 23. exf6 Ree8 24. fxg7 Rc8 25. Nb5 Qd7 26. Re1 1-0

[Event "TUR Cup"]
[Site "Antalya"]
[Date "2020.02.01"]
[Round "10"]
[White "Ilcin, Murat Veysi"]
[Black "Atasoy, Ata"]
[Result "0-1"]
[WhiteElo "1605"]
[BlackElo "1527"]
[PlyCount "96"]
[EventDate "2020.01.26"]
[EventType "swiss"]
[EventRounds "11"]
[EventCountry "TUR"]
[SourceTitle "CBM 194 Extra"]
[Source "ChessBase"]
[SourceDate "2020.03.31"]
[SourceVersion "1"]
[SourceVersionDate "2020.03.31"]
[SourceQuality "1"]

1. d4 Nf6 2. c4 g6 3. Nc3 d5 4. Bg5 Bg7 5. e3 dxc4 6. Bxc4 0-0 7. Nf3 c5 8. d5 Qb6 9. Qd2 Bf5 10. 0-0 h6 11. Bh4 g5 12. Bg3 Ne4 13. Nxe4 Bxe4 14. Ne5 Bxe5 15. Bxe5 Rd8 16. f3 Bxd5 17. Bxd5 e6 18. e4 exd5 19. exd5 Nc6 20. Bg3 Nd4 21. d6 Rd7 22. Rad1 Rad8 23. Rfe1 Nf5 24. Be5 Nxd6 25. Qc1 Nb5 26. Rxd7 Rxd7 27. f4 f6 28. Qc4+ Kg7 29. Bc3 Nxc3 30. bxc3 Qd6 31. fxg5 hxg5 32. h3 b6 33. Re6 Qg3 34. Qe2 Qxc3 35. Kh2 Kg6 36. Qe4+ Kf7 37. Re8 Kg7 38. Qa8 Qc4 39. Re4 Qxa2 40. h4 Qd5 41. Qe8 Qf7 42. Qc8 Re7 43. Rg4 Qe6 44. Qd8 Rd7 45. Rxg5+ fxg5 46. Qxg5+ Qg6 47. Qe5+ Qf6 48. Qg3+ Kf7 0-1

[Event "TUR Cup"]
[Site "Antalya"]
[Date "2020.01.30"]
[Round "7"]
[White "Arslan, Tayfun"]
[Black "Ilcin, Murat Veysi"]
[Result "1-0"]
[WhiteElo "1462"]
[BlackElo "1605"]
[PlyCount "87"]
[EventDate "2020.01.26"]
[EventType "swiss"]
[EventRounds "11"]
[EventCountry "TUR"]
[SourceTitle "CBM 194 Extra"]
[Source "ChessBase"]
[SourceDate "2020.03.31"]
[SourceVersion "1"]
[SourceVersionDate "2020.03.31"]
[SourceQuality "1"]

1. e4 e5 2. Nf3 Nc6 3. d4 exd4 4. Nxd4 d6 5. Bc4 Nf6 6. Nc3 Be7 7. 0-0 0-0 8. a3 Ne5 9. Ba2 c5 10. Nde2 Be6 11. f4 Nc6 12. Qd3 Qb6 13. Nd5 c4+ 14. Qe3 Nxd5 15. exd5 Qxe3+ 16. Bxe3 Bxd5 17. Nc3 Be6 18. f5 Bd7 19. Bxc4 Bf6 20. Nd5 Bxb2 21. Rab1 Bxa3 22. Rxb7 Ne5 23. Bb3 a5 24. Bf4 Bc5+ 25. Kh1 Bc6 26. Ne7+ Kh8 27. Rc7 Bb5 28. Rb1 Ng4 29. h3 Nf6 30. g4 Rab8 31. g5 Nh5 32. Bd2 a4 33. Bd5 Bc6 34. Rxb8 Bxd5+ 35. Nxd5 Rxb8 36. Rxf7 Bd4 37. Bb4 Ng3+ 38. Kg2 Ne4 39. h4 Kg8 40. Re7 Nc5 41. c3 Nd3 42. Bxd6 Rb2+ 43. Kg3 Bf2+ 44. Kh3 1-0

[Event "TUR Cup"]
[Site "Antalya"]
[Date "2020.01.28"]
[Round "4"]
[White "Ilcin, Murat Veysi"]
[Black "Yaylali, Adnan Dogan"]
[Result "1/2-1/2"]
[WhiteElo "1605"]
[BlackElo "1947"]
[PlyCount "97"]
[EventDate "2020.01.26"]
[EventType "swiss"]
[EventRounds "11"]
[EventCountry "TUR"]
[SourceTitle "CBM 194 Extra"]
[Source "ChessBase"]
[SourceDate "2020.03.31"]
[SourceVersion "1"]
[SourceVersionDate "2020.03.31"]
[SourceQuality "1"]

1. d4 Nf6 2. c4 c5 3. d5 e5 4. Nc3 d6 5. e4 Be7 6. Nf3 0-0 7. h3 Nbd7 8. Bd3 Nh5 9. 0-0 g6 10. Bh6 Ng7 11. Qd2 Nf6 12. Ne2 Kh8 13. Bg5 Ng8 14. Bxe7 Qxe7 15. Nh2 f5 16. f4 fxe4 17. Bxe4 Bd7 18. fxe5 Qxe5 19. Bd3 Nf5 20. Ng4 Qg7 21. Rae1 Rae8 22. Qc3 h5 23. Nh2 Re3 24. Rf3 Qxc3 25. bxc3 Rfe8 26. Kf2 Rxf3+ 27. Nxf3 Nf6 28. Nf4 Rxe1 29. Kxe1 Kg7 30. Ng5 Ne8 31. Nge6+ Bxe6 32. Nxe6+ Kf6 33. Kf2 Ne7 34. Nd8 b5 35. Nc6 Nxc6 36. dxc6 bxc4 37. Bxc4 Nc7 38. h4 d5 39. Bd3 Ne6 40. Ke3 c4 41. Be2 Ke7 42. g4 hxg4 43. Bxg4 Nc7 44. Kd4 Kd6 45. a4 Na6 46. Bf3 Nc7 47. Bg4 Na6 48. Bf3 Nc7 49. Bg4 1/2-1/2

[Event "TUR Cup"]
[Site "Antalya"]
[Date "2020.01.27"]
[Round "3"]
[White "Isikli, Murat Sedat"]
[Black "Ilcin, Murat Veysi"]
[Result "0-1"]
[WhiteElo "1400"]
[BlackElo "1605"]
[PlyCount "78"]
[EventDate "2020.01.26"]
[EventType "swiss"]
[EventRounds "11"]
[EventCountry "TUR"]
[SourceTitle "CBM 194 Extra"]
[Source "ChessBase"]
[SourceDate "2020.03.31"]
[SourceVersion "1"]
[SourceVersionDate "2020.03.31"]
[SourceQuality "1"]

1. e4 e5 2. Nf3 Nc6 3. Bb5 a6 4. Ba4 Nf6 5. 0-0 b5 6. Bb3 Be7 7. c3 Nxe4 8. Re1 d5 9. d3 Nf6 10. Nxe5 Nxe5 11. Rxe5 0-0 12. Bg5 c6 13. Nd2 Qc7 14. Qe1 Bd6 15. Bxf6 gxf6 16. Rh5 Bg4 17. Rh4 Bf5 18. Bc2 Rfe8 19. Qd1 Re6 20. d4 Bg6 21. Qg4 Rae8 22. Nf3 Re2 23. Bd3 Rxb2 24. Rh6 Bf8 25. Rxg6+ fxg6 26. Nh4 Qg7 27. g3 c5 28. Ng2 b4 29. cxb4 Rxb4 30. Bxa6 Rxd4 31. Qf3 c4 32. Nf4 f5 33. Kg2 Rxf4 34. Qxd5+ Kh8 35. gxf4 Qxa1 36. Bxc4 Bg7 37. Qf7 Rd8 38. Qe7 Qd4 39. Bb3 Qe4+ 0-1

[Event "TUR-chT Clubs"]
[Site "Konya"]
[Date "2019.07.20"]
[Round "8.23"]
[White "Ilcin, Murat Veysi"]
[Black "Duzgun, Abdurrahman"]
[Result "1-0"]
[WhiteElo "1586"]
[BlackElo "1621"]
[PlyCount "113"]
[EventDate "2019.07.16"]
[EventType "team-swiss"]
[EventRounds "9"]
[EventCountry "TUR"]
[SourceTitle "CBM 191 Extra"]
[Source "ChessBase"]
[SourceDate "2019.09.30"]
[SourceVersion "1"]
[SourceVersionDate "2019.09.30"]
[SourceQuality "1"]
[WhiteTeam "Cedid"]
[BlackTeam "Nusaybin Dernegi"]
[WhiteTeamCountry "TUR"]
[BlackTeamCountry "TUR"]

1. d4 d5 2. c4 e6 3. Nc3 Nf6 4. Bg5 Be7 5. Bxf6 Bxf6 6. e3 0-0 7. Nf3 a6 8. h4 dxc4 9. Bxc4 Nd7 10. Bd3 h6 11. g4 Be7 12. g5 h5 13. g6 fxg6 14. Bxg6 Rf6 15. Bxh5 Rh6 16. Bg4 Nf6 17. Ne5 c5 18. Bf3 Qb6 19. Qd2 cxd4 20. exd4 Bd7 21. 0-0-0 Be8 22. Rdg1 Kh8 23. h5 Qc7 24. Ng6+ Bxg6 25. hxg6 Ng8 26. Kb1 Rf8 27. Rxh6+ Nxh6 28. Be4 b5 29. Rh1 Kg8 30. d5 b4 31. Nd1 Qf4 32. Qxf4 Rxf4 33. f3 exd5 34. Bxd5+ Kf8 35. Nf2 Rd4 36. Be4 Bf6 37. Nd3 Ke7 38. Rc1 Ng4 39. Rc7+ Kd8 40. Ra7 Ne5 41. Nc5 Rd2 42. Ne6+ Kc8 43. Rc7+ Kb8 44. Rb7+ Kc8 45. Rxb4 Rg2 46. Bf5 Rg1+ 47. Kc2 a5 48. Rb5 Rg2+ 49. Kb3 Rh2 50. Nxg7+ Kc7 51. Ne6+ Kc6 52. Nd4+ Kd6 53. Rb6+ Kc5 54. Rxf6 Kxd4 55. g7 Rg2 56. Bg4 a4+ 57. Kxa4 1-0

[Event "TUR-chT Clubs"]
[Site "Konya"]
[Date "2019.07.17"]
[Round "2.15"]
[White "Ilcin, Murat Veysi"]
[Black "Koca, Yildiray"]
[Result "1-0"]
[WhiteElo "1586"]
[BlackElo "1418"]
[PlyCount "71"]
[EventDate "2019.07.16"]
[EventType "team-swiss"]
[EventRounds "9"]
[EventCountry "TUR"]
[SourceTitle "CBM 191 Extra"]
[Source "ChessBase"]
[SourceDate "2019.09.30"]
[SourceVersion "1"]
[SourceVersionDate "2019.09.30"]
[SourceQuality "1"]
[WhiteTeam "Cedid"]
[BlackTeam "Cotanak"]
[WhiteTeamCountry "TUR"]
[BlackTeamCountry "TUR"]

1. d4 g6 2. c4 Nf6 3. Nc3 d5 4. Bg5 Bg7 5. Bxf6 Bxf6 6. Nxd5 Bg7 7. e3 0-0 8. Nf3 c6 9. Nc3 c5 10. Be2 cxd4 11. exd4 Nc6 12. d5 Ne5 13. 0-0 Qc7 14. Nd4 a6 15. b3 Bd7 16. Kh1 Bf5 17. Nxf5 gxf5 18. Rc1 Rad8 19. Qc2 Ng4 20. Bxg4 fxg4 21. Qf5 Rd6 22. Ne4 Rh6 23. g3 Qb6 24. Qxg4 f5 25. Qg5 fxe4 26. Qxe7 Rhf6 27. c5 Qb4 28. d6 Qd2 29. Rcd1 Qe2 30. Rde1 Qf3+ 31. Kg1 Qc3 32. d7 Rxf2 33. d8Q Rxf1+ 34. Rxf1 Bd4+ 35. Kh1 Bg7 36. Qdxf8+ 1-0

[Event "TUR Cup"]
[Site "Antalya"]
[Date "2019.02.01"]
[Round "9"]
[White "Erol, Harun Eser"]
[Black "Ilcin, Murat Veysi"]
[Result "1-0"]
[WhiteElo "1464"]
[BlackElo "1653"]
[PlyCount "31"]
[EventDate "2019.01.27"]
[EventType "swiss"]
[EventRounds "11"]
[EventCountry "TUR"]
[SourceTitle "CBM 188 Extra"]
[Source "ChessBase"]
[SourceDate "2019.02.26"]
[SourceVersion "1"]
[SourceVersionDate "2019.02.26"]
[SourceQuality "1"]

1. f4 Nf6 2. Nf3 c5 3. e3 e6 4. d4 Nc6 5. c3 Be7 6. Bd3 b6 7. 0-0 0-0 8. Nbd2 Bb7 9. Qe1 d6 10. e4 Nh5 11. Qe3 f5 12. d5 exd5 13. exd5 Nb8 14. Re1 Re8 15. Qe6+ Kh8 16. Ng5 1-0

[Event "TUR Cup"]
[Site "Antalya"]
[Date "2019.01.30"]
[Round "6"]
[White "Ilcin, Murat Veysi"]
[Black "Nardemir, Ismail Berat"]
[Result "1-0"]
[WhiteElo "1653"]
[BlackElo "1535"]
[PlyCount "113"]
[EventDate "2019.01.27"]
[EventType "swiss"]
[EventRounds "11"]
[EventCountry "TUR"]
[SourceTitle "CBM 188 Extra"]
[Source "ChessBase"]
[SourceDate "2019.02.26"]
[SourceVersion "1"]
[SourceVersionDate "2019.02.26"]
[SourceQuality "1"]

1. d4 e6 2. c4 c6 3. a3 d5 4. cxd5 cxd5 5. Nf3 h6 6. Bf4 Bd6 7. g3 Nf6 8. Nc3 a6 9. Bxd6 Qxd6 10. e3 0-0 11. Bd3 Nc6 12. 0-0 e5 13. dxe5 Nxe5 14. Nxe5 Qxe5 15. Rc1 Bg4 16. Be2 Bxe2 17. Nxe2 Rfc8 18. Qd4 Qf5 19. Kg2 Rc6 20. Rxc6 bxc6 21. Qb6 Rc8 22. Qxa6 c5 23. Nc3 d4 24. exd4 cxd4 25. Nb5 Rd8 26. Qb6 Qd5+ 27. Kg1 d3 28. Nc3 Qa8 29. Rd1 Ng4 30. Qc7 Re8 31. Qd7 Ne5 32. Qd5 Qxd5 33. Nxd5 Rd8 34. Ne3 g5 35. g4 Rd4 36. h3 d2 37. Kf1 Nd3 38. Rxd2 Rd7 39. b4 Kf8 40. b5 Ke8 41. a4 Nf4 42. Rxd7 Kxd7 43. Nf5 h5 44. gxh5 Nxh5 45. Kg2 Nf4+ 46. Kg3 Nd5 47. a5 Nc3 48. Nd4 Kc7 49. Kg4 f6 50. f4 Ne4 51. Kf5 Nd6+ 52. Kxf6 gxf4 53. Ke6 Nc4 54. h4 Nxa5 55. h5 Nb7 56. h6 Nd8+ 57. Ke7 1-0

[Event "TUR Cup"]
[Site "Antalya"]
[Date "2019.01.28"]
[Round "2"]
[White "Ilcin, Murat Veysi"]
[Black "Ozsakallioglu, Akin"]
[Result "0-1"]
[WhiteElo "1653"]
[BlackElo "1957"]
[PlyCount "102"]
[EventDate "2019.01.27"]
[EventType "swiss"]
[EventRounds "11"]
[EventCountry "TUR"]
[SourceTitle "CBM 188 Extra"]
[Source "ChessBase"]
[SourceDate "2019.02.26"]
[SourceVersion "1"]
[SourceVersionDate "2019.02.26"]
[SourceQuality "1"]

1. d4 Nf6 2. c4 g6 3. Nc3 Bg7 4. e4 d6 5. Nf3 0-0 6. Be2 Bg4 7. h3 Bxf3 8. Bxf3 e5 9. dxe5 dxe5 10. Qxd8 Rxd8 11. Bg5 c6 12. 0-0 Na6 13. Rad1 Nc5 14. Be3 Bf8 15. a3 Ne6 16. Rxd8 Rxd8 17. Bxa7 Rd2 18. Na4 Rc2 19. Bd1 Rxc4 20. f3 b5 21. Bb3 Rxa4 22. Bxa4 bxa4 23. Rc1 Nd7 24. Rxc6 Bc5+ 25. Bxc5 Ndxc5 26. Rc8+ Kg7 27. Kf1 Nd3 28. Rb8 Nd4 29. Ra8 Nxb2 30. Rb8 Nd3 31. Ra8 Nc5 32. Rc8 Nde6 33. Ke1 f5 34. Rc6 fxe4 35. fxe4 Kf6 36. g4 Nxe4 37. g5+ Kf5 38. h4 N4c5 39. Rc8 Kg4 40. Rh8 Kxh4 41. Rxh7+ Kxg5 42. Ra7 Kf4 43. Kf2 g5 44. Rf7+ Ke4 45. Ra7 Kd4 46. Ra8 e4 47. Rb8 e3+ 48. Kf1 Nf4 49. Rd8+ Ke4 50. Re8+ Kf3 51. Rd8 e2+ 0-1

[Event "TUR Cup										"]
[Site "Antalya"]
[Date "2018.01.31"]
[Round "7"]
[White "Ilcin, Murat Veysi"]
[Black "Gozubuyukoglu, Selami"]
[Result "0-1"]
[WhiteElo "1683"]
[BlackElo "1843"]
[PlyCount "64"]
[EventDate "2018.01.27"]
[EventType "swiss"]
[EventRounds "11"]
[EventCountry "TUR"]
[SourceTitle "CBM 182 Extra"]
[Source "ChessBase"]
[SourceDate "2018.02.23"]
[SourceVersion "1"]
[SourceVersionDate "2018.02.23"]
[SourceQuality "1"]

1. d4 Nf6 2. c4 e6 3. a3 d5 4. Nc3 c6 5. Nf3 Be7 6. Bg5 h6 7. Bh4 0-0 8. e3 Nbd7 9. Bd3 dxc4 10. Bxc4 b5 11. Bd3 Bb7 12. 0-0 a6 13. Rc1 c5 14. dxc5 Nxc5 15. Be2 Qb6 16. b4 Ncd7 17. Qb3 Rfd8 18. Nd4 Rac8 19. Rfd1 Ne5 20. h3 Nc4 21. Nf3 Rxd1+ 22. Rxd1 Nxe3 23. Rb1 Nf5 24. Bxf6 Bxf6 25. Nd1 Be4 26. Bd3 Bxf3 27. gxf3 Nd4 28. Qa2 Nxf3+ 29. Kf1 Qc6 30. a4 Ne5 31. axb5 Qh1+ 32. Ke2 Qf3+ 0-1

[Event "TUR Cup										"]
[Site "Antalya"]
[Date "2018.01.28"]
[Round "2"]
[White "Tasdemir, Burhan"]
[Black "Ilcin, Murat Veysi"]
[Result "0-1"]
[WhiteElo "1461"]
[BlackElo "1683"]
[PlyCount "100"]
[EventDate "2018.01.27"]
[EventType "swiss"]
[EventRounds "11"]
[EventCountry "TUR"]
[SourceTitle "CBM 182 Extra"]
[Source "ChessBase"]
[SourceDate "2018.02.23"]
[SourceVersion "1"]
[SourceVersionDate "2018.02.23"]
[SourceQuality "1"]

1. e4 e5 2. Nf3 Nc6 3. Bb5 a6 4. Ba4 Nf6 5. 0-0 Be7 6. c3 0-0 7. Re1 d6 8. d4 b5 9. Bc2 Bg4 10. h3 Bxf3 11. gxf3 Nh5 12. d5 Nb8 13. f4 Nxf4 14. Bxf4 exf4 15. Qg4 Bg5 16. e5 Nd7 17. e6 Ne5 18. Qh5 g6 19. Qe2 f3 20. Qd1 Bf4 21. Rxe5 Bxe5 22. Qxf3 fxe6 23. Qg4 exd5 24. Nd2 Qf6 25. Rf1 Qf4 26. Qxf4 Rxf4 27. f3 c6 28. Kg2 a5 29. Rf2 a4 30. a3 Kg7 31. Nf1 Raf8 32. Ng3 R4f7 33. Nf1 d4 34. c4 bxc4 35. Bxa4 Rc7 36. Nd2 d5 37. Bd1 c3 38. Nb3 c5 39. bxc3 dxc3 40. a4 c4 41. Nc1 d4 42. Be2 d3 43. Nxd3 cxd3 44. Bxd3 Rd8 45. Bc2 Rd2 46. Kf1 Rxf2+ 47. Kxf2 Rd7 48. Ke3 Rd2 49. Bb3 Rb2 50. Bc4 c2 0-1

[Event "TUR Cup										"]
[Site "Antalya"]
[Date "2018.01.27"]
[Round "1"]
[White "Ilcin, Murat Veysi"]
[Black "Arat, Ufuk Sezen"]
[Result "0-1"]
[WhiteElo "1683"]
[BlackElo "2361"]
[PlyCount "96"]
[EventDate "2018.01.27"]
[EventType "swiss"]
[EventRounds "11"]
[EventCountry "TUR"]
[SourceTitle "CBM 182 Extra"]
[Source "ChessBase"]
[SourceDate "2018.02.23"]
[SourceVersion "1"]
[SourceVersionDate "2018.02.23"]
[SourceQuality "1"]

1. d4 Nf6 2. c4 d6 3. Nc3 g6 4. Nf3 Bg7 5. e4 0-0 6. Bd3 c5 7. d5 e5 8. Bg5 h6 9. Bd2 Nh5 10. Qc1 g5 11. 0-0 Nf4 12. Qc2 Qf6 13. Ne2 Bg4 14. Ng3 Nxg2 15. Ne1 Nf4 16. f3 Bh3 17. Rf2 Nxd3 18. Qxd3 Nd7 19. Ng2 Rfe8 20. Ne3 Nf8 21. Nef5 Bxf5 22. Nxf5 Ng6 23. Kh1 Ne7 24. Ng3 Qg6 25. Rg1 Rf8 26. h4 f5 27. hxg5 f4 28. Nf1 hxg5 29. Nh2 Qh5 30. Rfg2 Bf6 31. Rg4 Ng6 32. Qf1 Kf7 33. Be1 Rh8 34. R1g2 Rh7 35. Qe2 Rah8 36. Qf2 Nh4 37. Rxh4 Qxh4 38. Qxh4 gxh4 39. Ng4 h3 40. Rc2 Bh4 41. Bxh4 Rxh4 42. Kh2 Rxg4 43. fxg4 Kf6 44. Rc3 Kg5 45. Rxh3 Rh4 46. Kg2 Kxg4 47. Ra3 f3+ 48. Kg1 Kg3 0-1

[Event "TUR-chT2"]
[Site "Konya"]
[Date "2017.07.14"]
[Round "8.13"]
[White "Ozbag, Berat"]
[Black "Ilcin, Murat Veysi"]
[Result "1-0"]
[WhiteElo "1567"]
[BlackElo "1705"]
[PlyCount "97"]
[EventDate "2017.07.09"]
[EventType "team-swiss"]
[EventRounds "9"]
[EventCountry "TUR"]
[SourceTitle "CBM 179 Extra"]
[Source "ChessBase"]
[SourceDate "2017.08.23"]
[SourceVersion "1"]
[SourceVersionDate "2017.08.23"]
[SourceQuality "1"]
[WhiteTeam "Artvin Il Ozel"]
[BlackTeam "Genclik Siirt"]
[WhiteTeamCountry "TUR"]
[BlackTeamCountry "TUR"]

1. d4 Nf6 2. c4 g6 3. Nc3 Bg7 4. e4 d6 5. f3 Nc6 6. Be3 e5 7. d5 Ne7 8. Qd2 c6 9. 0-0-0 cxd5 10. cxd5 h6 11. Kb1 Bd7 12. Nb5 Bxb5 13. Bxb5+ Nd7 14. g4 f5 15. gxf5 gxf5 16. Qg2 Kf8 17. Ne2 Nf6 18. Rhg1 Rg8 19. Qh3 f4 20. Bxf4 exf4 21. Nxf4 Qb6 22. Ba4 Bh8 23. Qxh6+ Kf7 24. Nh3 Ng6 25. Bb3 a5 26. Ng5+ Ke7 27. e5 Nxe5 28. f4 Nd3 29. Qh3 Nc5 30. Rde1+ Kd8 31. Nf7+ Kc7 32. Re7+ Nfd7 33. Rc1 Qb5 34. Qe6 Ra6 35. Nxh8 Rxh8 36. Bc4 Qb6 37. Bxa6 Qxa6 38. Rxd7+ Kb8 39. Qxd6+ Qxd6 40. Rxd6 Nd3 41. Rc2 Nxf4 42. Rd7 Rg8 43. a3 Nd3 44. Rc3 Rg1+ 45. Kc2 Nc1 46. Rcc7 a4 47. Rxb7+ Kc8 48. Rdc7+ Kd8 49. d6 1-0

[Event "TUR-chT2"]
[Site "Konya"]
[Date "2017.07.12"]
[Round "6.6"]
[White "Albayrak, Mete"]
[Black "Ilcin, Murat Veysi"]
[Result "1-0"]
[WhiteElo "1743"]
[BlackElo "1705"]
[PlyCount "123"]
[EventDate "2017.07.09"]
[EventType "team-swiss"]
[EventRounds "9"]
[EventCountry "TUR"]
[SourceTitle "CBM 179 Extra"]
[Source "ChessBase"]
[SourceDate "2017.08.23"]
[SourceVersion "1"]
[SourceVersionDate "2017.08.23"]
[SourceQuality "1"]
[WhiteTeam "Burhaniye"]
[BlackTeam "Genclik Siirt"]
[WhiteTeamCountry "TUR"]
[BlackTeamCountry "TUR"]

1. e4 e5 2. Nf3 Nc6 3. Bb5 a6 4. Ba4 Nf6 5. 0-0 b5 6. Bb3 Be7 7. Re1 d6 8. c3 Bg4 9. d3 Na5 10. Bc2 c5 11. Nbd2 Nc6 12. h3 Bxf3 13. Nxf3 0-0 14. Be3 Qc7 15. Rc1 d5 16. exd5 Nxd5 17. Qe2 Rfe8 18. d4 exd4 19. cxd4 c4 20. Bg5 Qd6 21. Qe4 g6 22. Qh4 Bxg5 23. Nxg5 Nf6 24. Nf3 Kg7 25. Be4 Nxe4 26. Rxe4 Nb4 27. Rce1 Rxe4 28. Qxe4 Rd8 29. a3 Nd3 30. Re2 a5 31. Kf1 b4 32. axb4 axb4 33. Rd2 Rd7 34. Re2 Ra7 35. g3 Ra2 36. d5 Nxb2 37. Qb1 Qa6 38. Kg2 c3 39. Qe4 Qd6 40. Qd4+ Qf6 41. Ne5 Ra5 42. f4 Rb5 43. d6 Na4 44. d7 Rb8 45. Qa7 Qb6 46. Qxa4 b3 47. Nd3 b2 48. Re1 b1Q 49. Rxb1 Qxb1 50. Qd4+ f6 51. d8Q Rxd8 52. Qxd8 Qc2+ 53. Nf2 Qb2 54. Qe7+ Kg8 55. Qxf6 Qd2 56. Qe6+ Kg7 57. Qe5+ Kg8 58. Qa5 Qb2 59. Qd5+ Kg7 60. Qd4+ Kf7 61. Kf3 Qb7+ 62. Ne4 1-0

[Event "TUR Cup"]
[Site "Antalya"]
[Date "2017.01.28"]
[Round "1"]
[White "Ilcin, Murat Veysi"]
[Black "Esen, Baris"]
[Result "0-1"]
[WhiteElo "1716"]
[BlackElo "2528"]
[PlyCount "58"]
[EventDate "2017.01.28"]
[EventType "swiss"]
[EventRounds "11"]
[EventCountry "TUR"]
[SourceTitle "CBM 176 Extra"]
[Source "ChessBase"]
[SourceDate "2017.03.02"]
[SourceVersion "1"]
[SourceVersionDate "2017.03.02"]
[SourceQuality "1"]

1. d4 Nf6 2. c4 e6 3. Nc3 Bb4 4. a3 Bxc3+ 5. bxc3 c5 6. Nf3 b6 7. Bg5 Bb7 8. e3 d6 9. Bd3 Nbd7 10. 0-0 h6 11. Bh4 Qe7 12. Re1 g5 13. Bg3 Nh5 14. Nd2 Ndf6 15. Qa4+ Qd7 16. Qc2 Qc6 17. e4 Nf4 18. d5 Qc7 19. e5 dxe5 20. dxe6 fxe6 21. Bg6+ Ke7 22. Be4 Nxe4 23. Nxe4 Rad8 24. h4 Kd7 25. hxg5 hxg5 26. Nxg5 Nxg2 27. Qg6 Rh1+ 28. Kxh1 Nf4+ 29. Kg1 Nxg6 0-1

[Event "Manavgat Turkey Cup"]
[Site "Manavgat"]
[Date "2015.02.04"]
[Round "7"]
[White "Ilcin, Murat Veysi"]
[Black "Ozsakallioglu, Akin"]
[Result "1-0"]
[WhiteElo "1723"]
[BlackElo "1469"]
[PlyCount "61"]
[EventDate "2015.01.31"]
[EventType "swiss"]
[EventRounds "11"]
[EventCountry "TUR"]
[SourceTitle "CBM 164 Extra"]
[Source "ChessBase"]
[SourceDate "2015.03.02"]
[SourceVersion "1"]
[SourceVersionDate "2015.03.02"]
[SourceQuality "1"]

1. d4 Nf6 2. c4 e6 3. Nc3 d5 4. Nf3 c6 5. a3 g6 6. Bg5 Bg7 7. e3 Nbd7 8. Bd3 0-0 9. Rc1 Qb6 10. Qc2 dxc4 11. Bxc4 Nd5 12. 0-0 Nxc3 13. bxc3 Qa5 14. Be7 Re8 15. Bd6 b5 16. Bd3 Bb7 17. Be4 f5 18. Bd3 Rac8 19. Ng5 a6 20. Qb3 c5 21. c4 h6 22. Nf3 Bxf3 23. gxf3 cxd4 24. cxb5 dxe3 25. Rxc8 Rxc8 26. Qxe6+ Kh7 27. Qxd7 exf2+ 28. Kg2 Rd8 29. Qe7 Rxd6 30. Qxd6 axb5 31. Rxf2 1-0

[Event "Manavgat Turkey Cup"]
[Site "Manavgat"]
[Date "2015.02.03"]
[Round "6"]
[White "Bucak, Mehmet"]
[Black "Ilcin, Murat Veysi"]
[Result "0-1"]
[WhiteElo "1479"]
[BlackElo "1723"]
[PlyCount "94"]
[EventDate "2015.01.31"]
[EventType "swiss"]
[EventRounds "11"]
[EventCountry "TUR"]
[SourceTitle "CBM 164 Extra"]
[Source "ChessBase"]
[SourceDate "2015.03.02"]
[SourceVersion "1"]
[SourceVersionDate "2015.03.02"]
[SourceQuality "1"]

1. d4 Nf6 2. c4 g6 3. Nc3 Bg7 4. e4 d6 5. f3 0-0 6. Be3 Nc6 7. d5 Nb8 8. Bd3 e6 9. Nge2 exd5 10. cxd5 Re8 11. Rc1 c6 12. Qb3 Nbd7 13. Nd4 c5 14. Nde2 Ne5 15. Bb5 Re7 16. Ng3 h5 17. h4 a6 18. Be2 b5 19. a3 Rc7 20. Qd1 Bb7 21. b3 Rac8 22. Nf1 Qd7 23. Nh2 Qe7 24. Bg5 b4 25. Nb1 Qe8 26. f4 Ned7 27. Bxf6 Bxf6 28. Qd3 bxa3 29. Nxa3 Bb2 30. Nc4 Bxc1 31. Nxd6 Qe7 32. Nxc8 Rxc8 33. g3 Nf6 34. Kd1 Ba3 35. Bf3 Rd8 36. Kc2 Qc7 37. Qc4 Bb4 38. Ra1 Nd7 39. Qf1 Nb6 40. Be2 a5 41. Nf3 f6 42. Bc4 Nxc4 43. bxc4 Qd7 44. Kb3 Qg4 45. Qg2 Ba6 46. Nh2 Qd7 47. Nf3 a4+ 0-1

[Event "Manavgat Turkey Cup"]
[Site "Manavgat"]
[Date "2015.02.03"]
[Round "5"]
[White "Ilcin, Murat Veysi"]
[Black "Karakose, Duran"]
[Result "1/2-1/2"]
[WhiteElo "1723"]
[BlackElo "1495"]
[PlyCount "71"]
[EventDate "2015.01.31"]
[EventType "swiss"]
[EventRounds "11"]
[EventCountry "TUR"]
[SourceTitle "CBM 164 Extra"]
[Source "ChessBase"]
[SourceDate "2015.03.02"]
[SourceVersion "1"]
[SourceVersionDate "2015.03.02"]
[SourceQuality "1"]

1. d4 Nf6 2. c4 g6 3. Nc3 d5 4. cxd5 Nxd5 5. e4 Nxc3 6. bxc3 Bg7 7. Bc4 c5 8. Nf3 Bg4 9. h3 Bxf3 10. Qxf3 0-0 11. 0-0 cxd4 12. Rd1 Qc7 13. Bd3 dxc3 14. Bf4 e5 15. Bg5 Nc6 16. Rdc1 Nd4 17. Qd1 Qa5 18. a3 Rac8 19. Be7 Rfe8 20. Bb4 Qb6 21. Bxc3 Qe6 22. Bb1 Bh6 23. Ba2 Qf6 24. Bd2 Rxc1 25. Rxc1 Bxd2 26. Qxd2 Re7 27. Kh1 Kg7 28. Bd5 h5 29. Qb4 b5 30. Rc8 Qxf2 31. Qxe7 Qf1+ 32. Kh2 Qf4+ 33. Kh1 Qf1+ 34. Kh2 Qf4+ 35. Kh1 Qf1+ 36. Kh2 1/2-1/2

[Event "Manavgat Turkey Cup"]
[Site "Manavgat"]
[Date "2015.01.31"]
[Round "1"]
[White "Ilcin, Murat Veysi"]
[Black "Gokerkan, Cem Kaan"]
[Result "0-1"]
[WhiteElo "1723"]
[BlackElo "2142"]
[PlyCount "90"]
[EventDate "2015.01.31"]
[EventType "swiss"]
[EventRounds "11"]
[EventCountry "TUR"]
[SourceTitle "CBM 164 Extra"]
[Source "ChessBase"]
[SourceDate "2015.03.02"]
[SourceVersion "1"]
[SourceVersionDate "2015.03.02"]
[SourceQuality "1"]

1. d4 Nf6 2. c4 g6 3. Nc3 Bg7 4. Nf3 0-0 5. e4 d6 6. Be2 e5 7. d5 a5 8. 0-0 Na6 9. Qc2 Bd7 10. Bg5 h6 11. Bd2 Nh7 12. Qc1 g5 13. Bd3 Qe7 14. h3 Nc5 15. Bc2 f5 16. exf5 e4 17. Nh2 Bxf5 18. Be3 Rae8 19. Qd2 Nf6 20. Rae1 Qf7 21. f3 Nd3 22. Rb1 Qg6 23. g4 Bd7 24. Nxe4 Nb4 25. Nxf6+ Qxf6 26. Be4 Qe5 27. Kg2 Na6 28. Qxa5 Ra8 29. Qd2 Nc5 30. Bxc5 dxc5 31. Rfe1 Qd6 32. b3 b5 33. cxb5 Bxb5 34. a4 Bd7 35. Nf1 c4 36. bxc4 Rxa4 37. Ne3 Qf4 38. Re2 Be5 39. Nf1 Qf6 40. c5 Rxe4 41. fxe4 Qf3+ 42. Kg1 Qxh3 43. Nh2 Bb5 44. Rf2 Bxh2+ 45. Rxh2 Rf1+ 0-1